000 00625nam a2200229Ia 4500
003 OSt
005 20230511161902.0
008 210423s2013 xx 000 0 und d
020 _a978-81-265-1146-4
040 _cAL
041 _aeng
082 _a547.2 WARO
100 _aWARREN (Stuart)
_9103900
245 _aOrganic synthesis: the disconnection approach
260 _aNew Delhi
_bJohn Wiley & Sons
_c2013
300 _axii,391
_bPB
365 _b499
_cINR
650 _aChemistry
_9103901
650 _aOrganic Chemistry
_9103902
906 _aapproach ; disconnection ; organic ; synthesis:
942 _2ddc
_cBK
999 _c166123
_d166123